000 00462nam a2200181Ia 4500
003 0STCL
008 150530s9999 xx 000 0 und d
040 _aSTCL
_cSTCL
100 _aSadasivan, V.
245 _aKeralathile Vanyajeevikal-Sasthanagal
250 _a3
260 _bState Institute of Language; Thiruvanathapuram
_c1991
_aThiruvanathapuram
300 _a0
546 _aMalayalam
942 _2ddc
_cBK
999 _c17901
_d17901
005 20220125165817.0